|
|
|
|
| LEADER |
00000cam a2200000 7i4500 |
| 001 |
0000046588 |
| 005 |
20150902.0 |
| 008 |
150401 |
| 020 |
|
|
|a 9789834713911
|
| 090 |
0 |
0 |
|a 499.2380076
|b HAS
|
| 100 |
1 |
|
|a Hasanah Shahidan
|
| 245 |
1 |
0 |
|a Big ideas teks rujukan bahasa malaysia :
|b tingkatan 1
|c Hassnah Shahidan
|
| 260 |
|
|
|a Selangor :
|b Oxford fajar publishing ,
|c 2013
|
| 650 |
|
0 |
|a Bahasa malaysia.
|
| 650 |
|
0 |
|a Rujukan.
|
| 999 |
|
|
|a 0001340035
|b Book
|c Teenagers
|e Cawangan Urban Transformation Centre
|
| 999 |
|
|
|a 0001341698
|b Book
|c Teenagers
|e Cawangan Tmn. Ungku Tun Aminah
|
| 999 |
|
|
|a 0001341699
|b Book
|c Teenagers
|e Cawangan Bandar Penawar
|
| 999 |
|
|
|a 0001341701
|b Book
|c Teenagers
|e Cawangan Mersing
|
| 999 |
|
|
|a 0001341702
|b Book
|c Teenagers
|e Cawangan Sri Merlong
|
| 999 |
|
|
|a 0001341703
|b Book
|c Teenagers
|e Cawangan Segamat
|
| 999 |
|
|
|a 0001341704
|b Book
|c Teenagers
|e Cawangan Bandar Tenggara
|
| 999 |
|
|
|a 0001341705
|b Book
|c Teenagers
|e Cawangan Taman Sri Lambak
|
| 999 |
|
|
|a 0001341706
|b Book
|c Teenagers
|e Cawangan Pontian
|
| 999 |
|
|
|a 0001341707
|b Book
|c Teenagers
|e Cawangan Bukit Gambir
|
| 999 |
|
|
|a 0001341708
|b Book
|c Teenagers
|e Cawangan Tangkak
|
| 999 |
|
|
|a 0001341709
|b Book
|c Teenagers
|e Cawangan Batu Pahat
|